| 000 | 00727nam a2200289Ia 4500 | ||
|---|---|---|---|
| 008 | 190123s9999 xx 000 0 und d | ||
| 020 | _a9780531265031 | ||
| 050 | _bT867 2011 | ||
| 100 | _aTrumbauer, Lisa | ||
| 245 | 2 | _aA tooth is loose / | |
| 245 | 0 | _cby Lisa Trumbauer ; illustrated by Steve Gray. | |
| 260 | _aNew York, New York : | ||
| 260 | _bScholastic, | ||
| 260 | _c2011 | ||
| 300 | _a32 pages : | ||
| 300 | _bcolored illustrations ; | ||
| 300 | _c18cm. | ||
| 440 | _aRookie read to learn. | ||
| 500 | _a190L | ||
| 650 | _aStories in rhyme. | ||
| 650 | _aTeeth -- | ||
| 650 | _aTeeth -- | ||
| 650 | _xCare and hygiene. | ||
| 650 | _xMobility. | ||
| 700 | _aGray, Steve. | ||
| 700 | _aTitle. | ||
| 999 |
_c361016 _d361016 |
||